00560nam a2200181Ia 4500008004100000020001400041050001400055100001700069245003100086245004700117260001300164260003000177260000900207300001500216300002500231999001900256952010300275180207s9999 xx 000 0 und d a395459923 bJ939 1989 aJukes, Mavis aBlackberries in the dark / cMavis Jukes ; pictures by Thomas B. Allen. aBoston : bHoughton Mifflin Company, c1989 a56 pages : bcolor illustration ; c355262d355262 001040aSSISMbSSISMd2018-02-07l0oER J939 1989pSSISM4807r2018-02-07 00:00:00w2018-02-07yBK